| 000 | 00630nam a2200229Ia 4500 | ||
|---|---|---|---|
| 003 | 0100 | ||
| 008 | 130307s9999 xx 000 0 und d | ||
| 020 | _a9966467475 | ||
| 040 | _cARRUPELIB | ||
| 050 | _aHN773.P45 1998 | ||
| 100 | _aPeil, Margaret | ||
| 245 | _aConsensus, conflict, and change | ||
| 245 | _ba sociological introduction to African societies | ||
| 260 | _aNairobi : | ||
| 260 | _bEast African Educational Publishers | ||
| 260 | _c1998. | ||
| 300 | _a345 p. : ill. | ||
| 300 | _bmap 21 cm. | ||
| 650 | _bTonga language-grammar | ||
| 700 | _aOyeneye, O. Y. (Olatunji Y.); Peil, Margaret | ||
| 942 | 0 | 0 | _01 |
| 999 |
_c99584 _d99584 |
||